| 000 | 01318nam a2200277 4500 | ||
|---|---|---|---|
| 001 | 0000022373 | ||
| 003 | CO-CtgCURN | ||
| 005 | 20250329191007.0 | ||
| 007 | ta | ||
| 008 | 160627s2007 000 0 eng d | ||
| 020 | _a8423424713 | ||
| 040 |
_aCO-CtgCURN _bspa _ccoctgcurn |
||
| 082 | 0 |
_a658 _bL48i |
|
| 100 | 1 | _aLuh, Shu Shin. | |
| 245 | 1 | 0 |
_aInnovar al estilo sony : _bconozca sus secretos / _cShu Shin Luh. |
| 260 |
_aBarcelona : _bDeusto, _c2007. |
||
| 300 | _a238 p. | ||
| 336 | _2rdacontent | ||
| 337 |
_2rdamedia _asin mediacion _bn |
||
| 338 |
_2rdacarrier _avolumen _bnc |
||
| 505 | 8 | _aLos cimientos del taller: la creacion de la red familiar.--Salir del frente nacional: la internacionalizacion.--Conservar la ventaja: alimentar el motor innovador.--Librar una batalla: la ascension de la empresa de videojuegos de sony.--Unir los puntos: conseguir que funcione la sinergia.--Los que se rinden nunca ganan: la adquisicion de Culumbia Tristar Pictures.--Principios basicos de marketing: ponle marca.--Prestar atencion: todo depende de los detalles.--Coopetencia: dormir con el enemigo.--Reinvencion para un futuro interconectado | |
| 650 | 1 | 4 |
_aToyota _vOrganizacion. |
| 908 | _a160627 | ||
| 942 |
_cBK _h658 _iL48i _2ddc |
||
| 999 |
_c10543 _d10543 |
||